00589nam a2200169Ia 4500008004100000020001400041041000800055082001900063100003400082245008300116250000600199260002900205300001200234650002100246999001900267952013300286210716s1999 xx 000 0 und d a387988963 aeng a005.30287 BASI aBashir, Imran; Goel, Amrit L. aTesting object oriented software: life cycle solutions.bLife cycle solutions. a1 aNew YorkbSpringerc1999 axix,209 aSoftware Testing c192728d192728 001040708MCAaAIMITbAIMITeKnowledge Worldg695.00l0o005.30287 BASIpMCA12236r2026-05-23 00:00:00v521.25w2021-07-16yBK